| 000 | 00771nam a2200217 i 4500 | ||
|---|---|---|---|
| 001 | 107935 | ||
| 003 | ES-MaACL | ||
| 005 | 20250829080459.0 | ||
| 007 | t| | ||
| 008 | 061221s1969 sp ||||1| spa d | ||
| 080 | _a860-31"16" | ||
| 100 | 1 |
_aQuevedo, Francisco de, _d1580-1645 _994591 |
|
| 245 | 1 | 3 |
_aLa vida del Buscón llamado Don Pablos / _cFrancisco de Quevedo; edición, prólogo y notas por Fernando Lázaro Carreter. |
| 260 |
_aMadrid : _bSalvat, _c1969. |
||
| 300 |
_a186 p. ; _c19 cm. |
||
| 490 | 1 |
_aBiblioteca básica Salvat de Libros RTV ; _v14 |
|
| 700 | 1 |
_aLázaro Carreter, Fernando, _d1923-2004 _970798 |
|
| 830 | 0 | 0 |
_aBiblioteca básica Salvat de libros RTV _v14 _9185398 |
| 852 |
_aES-MaACL _jE-2935 _bR.69765 |
||
| 999 |
_c107935 _d107935 |
||